000 00711nam a2200277Ia 4500
003 OSt
005 20160428144548.0
008 151016s9999 xx 000 0 und d
020 _a9.7897195776e+012
040 _cLIC
082 _aDFil 363.24
082 _bB87p
100 _aBulan, Ma. Elizabeth C.
245 _aPolice Photography/
245 _cMa. Elizabeth C. Bulan
260 _aPhilippines
260 _bCharterHouse Publishing Incorporated
260 _cc2013
300 _aix, 145 pages:
300 _billustrations;
300 _c23 cm.
504 _aIncludes bibliographical references.
650 _aPolice Photography
700 _aMa. Elena P. Magadia
942 _aDDC
_2ddc
_cDFIL
999 _c123
_d123